| 000 | 00587nam a22002177a 4500 | ||
|---|---|---|---|
| 003 | OSt | ||
| 005 | 20140310184524.0 | ||
| 008 | 131018t xxu||||| |||| 00| 0 eng d | ||
| 020 | _a9780545040426 | ||
| 050 |
_aPZ 7 _b.C11165New 2009 |
||
| 100 |
_aCabot, Meg. _924286 |
||
| 245 |
_aThe new girl / _cMeg Cabot. |
||
| 260 |
_aNew York : _bScholastic Inc., _c2009. |
||
| 300 |
_a222 p. : _e20 cm. |
||
| 490 |
_aAllie Finkle's rules for girls _vbk. 2 |
||
| 521 | _aG7 | ||
| 526 | _c860 | ||
| 650 |
_aFiction _xJuvenile literature. _930349 |
||
| 942 |
_2lcc _cBK-SCHOLAS |
||
| 999 |
_c35082 _d35082 |
||